| Tag |
First Indicator |
Second Indicator |
Subfields |
| LEADER |
00000ccm a2200000Ia 4500 |
| 001 |
in00002198003 |
| 005 |
20151104070603.0 |
| 008 |
851114q19001985enk z i n zxx d |
| 028 |
2 |
2 |
|a 8917
|b N. Simrock
|
| 035 |
|
|
|a (OCoLC)ocm12792044
|
| 040 |
|
|
|a ERE
|c ERE
|d OCL
|d OCLCQ
|d TXA
|d UtOrBLW
|
| 041 |
0 |
|
|g eng
|g fre
|
| 048 |
|
|
|a sa02
|a sb01
|a sc01
|
| 049 |
|
|
|a TXAM
|
| 090 |
|
|
|a M452.D99
|b B. 57 op.80
|
| 100 |
1 |
|
|a Dvořák, Antonín,
|d 1841-1904.
|
| 240 |
1 |
0 |
|a Quartets,
|m violins (2), viola, cello,
|n B. 57,
|r E major
|
| 245 |
1 |
0 |
|a Streichquartett E dur für 2 Violinen, Bratsche und Violoncell =
|b String quartet E major for 2 violins, viola and violoncello = Quatuor à cordes en Mi majeur pour 2 violons, alto et cello : op. 80 /
|c Antonín Dvořák.
|
| 246 |
3 |
1 |
|a String quartet E major for 2 violins, viola and violoncello
|
| 246 |
3 |
1 |
|a Quatuor à cordes en Mi majeur pour 2 violons, alto et cello
|
| 264 |
|
1 |
|a London :
|b N. Simrock,
|c [between 1900 and 1999]
|
| 300 |
|
|
|a 4 parts ;
|c 31 cm.
|
| 336 |
|
|
|a notated music
|b ntm
|2 rdacontent
|
| 337 |
|
|
|a unmediated
|b n
|2 rdamedia
|
| 338 |
|
|
|a volume
|b nc
|2 rdacarrier
|
| 490 |
0 |
|
|a Elite edition ;
|v Nr. 998
|
| 500 |
|
|
|a Cover title.
|
| 500 |
|
|
|a Preface in French and English on verso of cover.
|
| 536 |
|
|
|a From the Howard Mayer Brown, Edward Downes and Mary Schieffelin Book Collections, October 2004.
|
| 650 |
|
0 |
|a String quartets.
|
| 994 |
|
|
|a C0
|b TXA
|
| 948 |
|
|
|a cataloged
|b h
|c 2006/8/31
|d c
|e aklinger
|f 9:33:56 am
|
| 999 |
|
|
|a MARS
|
| 999 |
f |
f |
|s 277c7add-9953-3de9-8680-4b37f2e19c8e
|i 996fcaab-313f-3377-b4e0-37ee687a46d8
|t 0
|
| 952 |
f |
f |
|p ric
|a Texas A&M University
|b Rellis Campus
|c Joint Library Facility
|d Remote Storage
|t 0
|e M452.D99 B. 57 op.80
|h Library of Congress classification
|i unmediated -- volume
|m A14834808720
|
| 998 |
f |
f |
|a M452.D99 B. 57 op.80
|t 0
|l Remote Storage
|